| 000 | 00930nam a2200217Ia 4500 | ||
|---|---|---|---|
| 003 | GCL | ||
| 008 | 140319s9999 xx 000 0 ara d | ||
| 020 | _a2858215977 | ||
| 040 |
_aGCL / _cGCL |
||
| 082 | 0 | 4 |
_a327.612 _bع أ |
| 100 | 1 | _aعبدالوهاب محمد الزنتانى | |
| 245 | 1 | 0 |
_aاسهامات الليبيين فى النضال الفلسطينى من الحسينى الى عرفات : _bتاريخ بلد ونضال شعب ، شهود عيان / _cعبدالوهاب محمد الزنتانى |
| 250 | _aالاولى | ||
| 260 |
_aالقاهرة : _bدار غريب للطباعة والنشر والتوزيع ، _c2006 |
||
| 300 |
_a291ص ؛ _c24سم |
||
| 650 | 0 | 4 | _aالقضية الفلسطينية |
| 650 | 0 | 4 | _aالمقاومة الفلسطينية |
| 650 | 0 | 4 | _aليبيا - العلاقات الخارجية |
| 650 | 0 | 4 | _aليبيا - تاريخ - العصر الحديث |
| 942 |
_2ddc _cBK |
||
| 999 |
_c39032 _d39032 |
||